000 00600cam a2200217 a 4500
001 4259661
005 20180215050804.0
008 840711s1984 enka b 001 0 eng
010 _a 84014613
020 _a0631134670
040 _aDLC
_cDLC
_dDLC
041 _aeng
080 _a333.7
082 0 0 _a333.7 SIM
_219
100 _a52
101 _aEKO
245 0 4 _aThe Resourceful earth :
_cedited by Julian L. Simon and Herman Kahn.
504 _aIncludes bibliographies and index.
906 _a7
_bcbc
_corignew
_d1
_eocip
_f19
_gy-gencatlg
942 _2ddc
_cBK
999 _c42631
_d42631